One Watford Player by Nation - Statistics

General Stats
  • This quiz has been taken 274 times
    227 since last reset
  • The average score is 9 of 16
Answer Stats
Nation Player % Correct
England Troy Deeney | Ben Foster | Andre Gray | +41 others
99%
Brazil Heurelho Gomes | Richarlison | Douglas Rinaldi | +3 others
88%
Nigeria Odion Ighalo | Isaac Success | Danny Shittu | +4 others
84%
France Étienne Capoue | Abdoulaye Doucouré | Younès Kaboul | +6 others
83%
Spain Kiko Femenía | Gerard Deulofeu | José Manuel Jurado | +2 others
71%
Jamaica Adrian Mariappa | Micah Hyde | Damien Francis | +3 others
57%
Netherlands Daryl Janmaat | Nathan Aké | Nordin Wooter | +2 others
55%
Greece José Holebas | Orestis Karnezis
54%
Morocco Nordin Amrabat | Adam Masina | Imran Louza
52%
Belgium Christian Kabasele | Adrian Bakalli | Obbi Oulare
45%
Northern Ireland Craig Cathcart | Mark Williams | Peter Kennedy
45%
Argentina Roberto Pereyra | Ignacio Pussetto | Mauro Zárate
43%
Switzerland Valon Behrami | Almen Abdi
36%
Italy Stefano Okaka | Alessandro Diamanti
32%
Colombia Juan Zúñiga | Víctor Ibarbo | Cucho
30%
Scotland Ikechi Anya | Charles Miller | Allan Smart | +2 others
24%
No matching quizzes found
Score Distribution
Percent of People with Each Score
Percentile by Number Answered
Your Score History
You have not taken this quiz since the last reset